| 000 | 01587nam a22004337a 4500 | ||
|---|---|---|---|
| 001 | 000105698 | ||
| 003 | CHAP | ||
| 005 | 20220329143817.0 | ||
| 008 | 110921s2010 mx r 00010 spa d | ||
| 010 | _a102160 | ||
| 011 | _a103132 | ||
| 035 | _a113821 | ||
| 040 | _cCHAP | ||
| 090 | _aTesis | ||
| 100 | 1 |
_aBorja Martínez, Maribel. _913883 |
|
| 245 | 1 | 0 |
_aEvaluación de tres insecticidadas comerciales contra el gorgojo de maíz almacenado (Sitophilus zeamais Motschulsky) in vitro / _c/por Maribel Borja Martínez. |
| 260 |
_aCocula, Gro. : _bEl autor, _c2010. |
||
| 300 |
_aiv, 61 h. : _bilus. |
||
| 502 | _aTesis (Ing. Agr. Fitotecnista) -- CSAEGRO. Centro de Estudios Profesionales | ||
| 590 |
_aALEPH _b10 _c20130110 _lUCH01 _h1542 |
||
| 590 |
_aBATCH-UPD _b10 _c20130110 _lUCH01 _h1733 |
||
| 590 |
_aBATCH-UPD _b10 _c20130410 _lUCH01 _h1114 |
||
| 590 |
_aBATCH-UPD _b10 _c20130914 _lUCH01 _h0659 |
||
| 590 |
_aBATCH-UPD _b10 _c20140324 _lUCH01 _h1527 |
||
| 590 |
_aBATCH-UPD _b10 _c20141002 _lUCH01 _h0851 |
||
| 590 |
_aBATCH _b00 _c20181121 _lUCH01 _h0759 |
||
| 590 |
_aCONVERSION _b10 _c20130109 _lUCH01 _h1356 |
||
| 590 |
_aE12093SGE _b10 _c20130718 _lUCH01 _h1025 |
||
| 650 | 1 | 4 |
_aCalathea. _917322 |
| 650 | 1 | 4 |
_aInsecticidas _xAplicación. _958857 |
| 650 | 1 | 4 |
_aMaíz _xAlmacenamiento _xPlagas. _970854 |
| 650 | 1 | 4 |
_aSitophilus zeamais. _9106790 |
| 856 |
_3Finding aid _uhttp://10.13.5.2/tesis/113821.pdf _zTeclea aquí |
||
| 856 |
_a1 _n0001011 |
||
| 901 | _aBK | ||
| 942 | _cTESIS | ||
| 942 | _n0 | ||
| 949 |
_aTesis _bBC _cTES _d33724002302959 _eTS1 _gDonaciØn _h52801 _i113821 _sb |
||
| 999 |
_c102160 _d102160 |
||